Responses for Show #3166 - Monday, May 11, 1998

1998 College Championship semifinal game 1.
From Zellerbach Auditorium at the University of California-Berkeley.

Contestants

[<< previous game]

Kristen Page, a junior at Mary Washington College from Vienna, Virginia

Alex Weathers, a sophomore at MIT from Greenville, South Carolina

Adia Benton, a junior at Brown University from Columbia, South Carolina

[next game >>]

Jeopardy! Round responses

RELIGION
POTPOURRI
TV FRIENDS ON FILM
(Alex Trebek: The stars of the TV series.)
CHOCOLATE
MAN'S BEST FRIEND
(Alex Trebek: I thought chocolate was!)
LET'S ROCK!
    $100 5
Friars

Alex
    $100 11
Beaver

Alex
    $100 15
Courteney Cox

Kristen
    $100 18
Kisses

Adia
    $100 26
Dalmatian

Alex
    $100 1
Pebbles Flintstone

Alex
    $200 6
Fire

Kristen
    $200 12
Arrows

Alex
    $200 16
(Alex Weathers: Who is Gwyneth Paltrow?)

Lisa Kudrow

AlexKristen
    $200 19
Fred Gwynne

Adia
    $200 27
Pekingese

Alex
    $200 2
The Rolling Stones

Alex
    $300 7
(K: What is Guadalupe?)

Lourdes

AlexKristen
    $300 13
Film

Adia
    $300 17
David Schwimmer

Adia
    $300 20
Bittersweet

Adia
    $300 28
Bull terrier

Kristen
    $300 3
Boulder, Colorado

Alex
    $400 8
(Alex Weathers: What is Hinduism?)

Buddhism

AdiaAlex
    $400 23
Chandeliers

Kristen
    $400 25
Jennifer Aniston

Alex
    $400 21
Tootsie Rolls

Triple Stumper
    $400 29
Pug

Kristen
    $400 4
Stone Phillips

Kristen
    $500 9
Shiva

Alex
    $500 24
Frankfort

Alex
    $700 14
(Adia: [No response])

Matt LeBlanc

Adia
    $500 22
Cadbury

Alex
    $500 30
the Lhasa apso

Kristen
    $500 10
Diamond Head

Triple Stumper

Scores at the first commercial break (after clue 14):

Adia Alex Kristen
$0 $1,400 $300

Scores at the end of the Jeopardy! Round:

Adia Alex Kristen
$900 $2,900 $2,200

Double Jeopardy! Round responses

PRESIDENTS
FIRST DATES
THE 1998 GRAMMYS
(Alex Trebek: I hope you'll remember them!)
WORD ORIGINS
SPELL CHECK
(Alex Trebek: And you will have to spell.)
ROCKS FOR JOCKS
    $200 12
Ronald Reagan

Kristen
    $200 7
France

Alex
    $200 6
Bob Dylan

Kristen
    $200 1
Juggernaut

Alex
    $200 15
P-R-I-M-O-R-D-I-A-L

Kristen
    $200 22
Fossils

Alex
    $400 18
Abraham Lincoln

Kristen
    $400 13
Mir

Kristen
    $400 8
Shawn Colvin

Kristen
    $400 2
Coup de grace

Adia
    $400 25
A-N-E-S-T-H-E-S-I-A

Adia
    $400 23
(Alex Weathers: What is sedimentary?)

Metamorphic

AdiaAlex
    $600 19
Grover Cleveland

Adia
    $600 14
John C. Calhoun

Alex
    $600 9
"I Believe I Can Fly"

Adia
    $700 3
Deus ex machina

Adia
    $600 27
L-A-B-Y-R-I-N-T-H

Alex
    $600 24
Spelunker

Alex
    $800 20
Herbert Hoover

Kristen
    $800 16
(Alex Weathers: What is a double play?)

Triple play

AlexKristen
    $800 10
Kelsey Grammer

Kristen
    $800 4
Cause celebre

Triple Stumper
    $2,100 28
(Alex Trebek: You know you're the only one of the threesome who spells without closing your eyes...but you're right!)

C-O-R-N-U-C-O-P-I-A

Alex
    $800 26
(Alex Trebek: And we have less than a minute to go...)

Lava

Alex
    $1000 21
(Alex Weathers: Who is Fillmore?)

Franklin Pierce

Alex
Triple Stumper
    $1000 17
(K: What is an electric car...a Dodge electric car?)

General Motors EV1

Kristen
Triple Stumper
    $1000 11
Radiohead

Alex
    $1000 5
(Adia: What is an afficionado?)
(K: What is a maestro?)

Virtuoso

AdiaKristen
Triple Stumper
    $1000 29
(Alex Weathers: What is I-D-I-O-S-Y-N-O-C-R-A-C-Y?)

I-D-I-O-S-Y-N-C-R-A-S-Y

AdiaAlex
    $1000 30
Plate tectonics

Kristen

Scores at the end of the Double Jeopardy! Round:

Adia Alex Kristen
$4,000 $6,000 $5,400

[wagering suggestions for these scores]

Final Jeopardy! Round responses

U.S. GEOGRAPHY
(Alex Trebek: You were thinking the Salt River and also Salt Lake City.)
AdiaWhat is the iron river?
$2,001
KristenWhat is silver?
$5,399
AlexWhat is Salt?
$4,801
Salt

Final scores:

Adia Alex Kristen
$1,999 $10,801 $1
2nd place: $5,000 Finalist 3rd place: $5,000

Game dynamics:

Coryat scores:

Adia Alex Kristen
$4,600 $4,700 $5,400
13 R
(including 1 DD),
2 W
(including 1 DD)
22 R
(including 1 DD),
6 W
18 R,
3 W

Combined Coryat: $14,700

[game clues] [game scores] [suggest correction]

Game tape date: Unknown
The J! Archive is created by fans, for fans. Scraping, republication, monetization, and malicious use prohibited; this site may use cookies and collect identifying information. See terms. The Jeopardy! game show and all elements thereof, including but not limited to copyright and trademark thereto, are the property of Jeopardy Productions, Inc. and are protected under law. This website is not affiliated with, sponsored by, or operated by Jeopardy Productions, Inc. Join the discussion at JBoard.tv.